Guess characters from Encanto - Statistics

General Stats
  • This quiz has been taken 2,035 times
  • The average score is 11 of 14
Answer Stats
Answer % Correct
Isabela
93%
Mirabel
93%
Abuela Alma
88%
Bruno
88%
Luisa
88%
Camilo
86%
Pepa
86%
Dolores
85%
Antonio
84%
Julieta
76%
Félix
75%
Abuelo Pedro
56%
Mariano
56%
Augustín
47%
No matching quizzes found
Score Distribution
Percent of People with Each Score
Percentile by Number Answered
Your Score History
You have not taken this quiz